Les outils de jardinage en images - Statistiques

Statistiques générales
  • Ce quiz a été pris 267 fois
  • Le résultat moyen est 17 sur 38
Statistiques - réponses
Par images Hint Réponse % Correct
T Tondeuse
89%
S Scie
87%
B Brouette
86%
A Arrosoir
82%
P Pioche
82%
P Pelle
79%
F Faux
78%
R Rateau
76%
S Sécateur
70%
F Faucille
69%
F Fourche
69%
D Débroussailleuse
68%
T Tronçonneuse
68%
M Motoculteur
64%
TH Taille-haie
64%
SDF Souffleur de feuilles
60%
B Bêche
58%
B Binette
44%
CB Coupe bordure
40%
S Serpe
40%
H Houe
34%
FB Fourche bêche
31%
M Motobineuse
27%
P Plantoir
24%
S Semoir
24%
S Serpette
22%
C Cisaille
20%
CAH Cisaille à haie
19%
S Scarificateur
18%
PAB Plantoir à bulbe
15%
S Serfouette
13%
G Grelinette
12%
T Transplantoir
10%
C Croissant
9%
RDB Râteau de bambou
4%
S Sarcloir
4%
TH Taille-Haie manuel
2%
E Echenilloir
1%
Aucun quiz correspondant
Distribution des résultats
% des personnes avec chaque résultat
Percentile par nombre de réponses
Votre historique - résultats
Vous n’avez pas pris ce quiz